| Tag |
First Indicator |
Second Indicator |
Subfields |
| LEADER |
00000cam a2200000 a 4500 |
| 001 |
in00000444913 |
| 005 |
20151012074455.0 |
| 008 |
841026s1984 at ab b 00010 eng d |
| 020 |
|
|
|a 0909122156
|
| 035 |
|
|
|a (OCoLC)11311350
|
| 035 |
|
|
|9 ABX2259AM
|
| 040 |
|
|
|a TXA
|c TXA
|d TKN
|d OCL
|d TXA
|d UtOrBLW
|
| 049 |
|
|
|a TXAM
|c [A09920084]
|
| 090 |
|
|
|a QK461
|b .B44 1984
|
| 100 |
1 |
|
|a Beard, J. S.
|q (John Stanley),
|d 1916-
|
| 245 |
1 |
0 |
|a Geographical data from the vegetation survey of Western Australia.
|n Part 1,
|p Area calculations /
|c J.S. Beard and B.S. Sprenger.
|
| 264 |
|
1 |
|a Applecross, W.A. :
|b Vegmap Publications,
|c 1984.
|
| 300 |
|
|
|a 62 pages :
|b illustrations, maps ;
|c 34 cm.
|
| 336 |
|
|
|a text
|b txt
|2 rdacontent
|
| 337 |
|
|
|a unmediated
|b n
|2 rdamedia
|
| 338 |
|
|
|a volume
|b nc
|2 rdacarrier
|
| 490 |
1 |
|
|a Vegetation survey of Western Australia Occasional Paper ;
|v no. 2
|
| 500 |
|
|
|a Cover title.
|
| 500 |
|
|
|a "With map of Aeolian landforms, 1:3 000 000".
|
| 504 |
|
|
|a Includes bibliography.
|
| 650 |
|
0 |
|a Phytogeography
|z Australia
|z Western Australia.
|
| 650 |
|
0 |
|a Landforms
|z Australia
|z Western Australia.
|
| 700 |
1 |
|
|a Sprenger, B. S.
|
| 830 |
|
0 |
|a Vegetation survey of Western Australia occasional paper ;
|v no. 2.
|
| 999 |
|
|
|a MARS
|
| 999 |
f |
f |
|s 041fc84c-bcd7-365f-a0cc-3a06a4fe0f1d
|i 6166dd81-eee3-3185-8dc0-6fab468e058c
|t 0
|
| 952 |
f |
f |
|p ric
|a Texas A&M University
|b Rellis Campus
|c Joint Library Facility
|d Remote Storage
|t 0
|e QK461 .B44 1984
|h Library of Congress classification
|i unmediated -- volume
|m A14809920084
|
| 998 |
f |
f |
|a QK461 .B44 1984
|t 0
|l Remote Storage
|